[Event "GER Seniors Derby 09th"]
[Site "Wesel Undeloh"]
[Date "2010.04.09"]
[Round "4.9"]
[White "Bayer, Juergen"]
[Black "Martin, Rudolf"]
[Result "1/2-1/2"]
[WhiteElo "1738"]
[BlackElo "1791"]
[PlyCount "44"]
[EventDate "2010.04.08"]
[EventType "swiss"]
[EventRounds "7"]
[EventCountry "GER"]
[SourceTitle "EXT 2022"]
[Source "ChessBase"]
[SourceDate "2021.10.06"]
[SourceVersion "1"]
[SourceVersionDate "2021.10.06"]
[SourceQuality "1"]

1. e4 c5 2. f4 b6 3. Nf3 Bb7 4. Nc3 e6 5. Be2 Nf6 6. d3 Be7 7. 0-0 0-0 8. e5 Nd5 9. Ne4 d6 10. Nxd6 Bxd6 11. exd6 Qxd6 12. Ne5 Nc6 13. Nc4 Qc7 14. f5 exf5 15. Rxf5 Nd4 16. Rf1 Rae8 17. Bf3 Nxf3+ 18. Rxf3 Re6 19. Bd2 Rfe8 20. Rf2 Rf6 21. Qf1 b5 22. Na5 Ba8 1/2-1/2

[Event "GER Seniors Derby 09th"]
[Site "Wesel Undeloh"]
[Date "2010.04.08"]
[Round "2.12"]
[White "Bayer, Juergen"]
[Black "Hensl, Dieter"]
[Result "1-0"]
[WhiteElo "1738"]
[BlackElo "1757"]
[PlyCount "73"]
[EventDate "2010.04.08"]
[EventType "swiss"]
[EventRounds "7"]
[EventCountry "GER"]
[SourceTitle "EXT 2022"]
[Source "ChessBase"]
[SourceDate "2021.10.06"]
[SourceVersion "1"]
[SourceVersionDate "2021.10.06"]
[SourceQuality "1"]

1. e4 e5 2. d4 exd4 3. f4 Bb4+ 4. Bd2 Qe7 5. Bd3 Bxd2+ 6. Nxd2 d6 7. Ngf3 Nc6 8. a3 Nf6 9. h3 h6 10. 0-0 a6 11. Nb3 0-0 12. Qe2 Re8 13. Rae1 Nh5 14. Qd2 Qf6 15. Nh2 Qh4 16. Rf3 Be6 17. Nc1 f5 18. g3 Qd8 19. g4 fxg4 20. hxg4 Nf6 21. Qg2 Qd7 22. f5 Bf7 23. g5 hxg5 24. Qxg5 Kf8 25. Rg3 Bg8 26. Nf3 Ne5 27. Nh4 Re7 28. Ne2 Nh7 29. Qh5 Qe8 30. Ng6+ Nxg6 31. Rxg6 Nf6 32. Qh8 Qf7 33. Nf4 Rae8 34. Rxf6 Qxf6 35. Ng6+ Kf7 36. Bc4+ Re6 37. Qh5 1-0